[Event "Mermaid Beach Club"]
[Site "Bermuda"]
[Date "1997.??.??"]
[Round "6"]
[White "Hodgson, Julian M"]
[Black "Maiwald, Jens Uwe"]
[Result "1-0"]
[WhiteElo "2560"]
[BlackElo "2495"]
[Annotator "Har Zvi,R"]
[PlyCount "65"]
[EventDate "1997.01.??"]
[EventType "tourn"]
[EventRounds "11"]
[EventCountry "BER"]
[EventCategory "11"]
[SourceTitle "CBM 058"]
[Source "ChessBase"]
[SourceDate "1997.06.01"]
[SourceVersion "1"]
[SourceVersionDate "1997.06.01"]
[SourceQuality "1"]

1. d4 {Mowsziszian,K Petursson Baburin} d6 2. e4 g6 3. Nc3 c6 4. Be3 Bg7 5. Qd2
Nd7 6. Nf3 (6. O-O-O {Mowsziszian,K} b5 7. f3 Nb6 8. Bd3 Rb8 9. h4 b4 10. Nce2
Be6 11. b3 a5 12. Kb1 Nf6 13. Nh3 Qc7 14. Nhf4 Bc8 15. h5 Nfd7 16. d5 cxd5 17.
exd5 g5 18. Nh3 h6 19. Be4 Ne5 20. Nd4 O-O 21. Nc6 Nxd5 22. Qxd5 {1.58-1.50
1-0 Ricaunte,J-Espinosa,J/Capablanca mem-C (13) ;EXP 52 1996}) 6... b5 7. Bd3
Nb6 (7... a6 8. a4 Bb7 9. O-O Qc7 (9... Ngf6 10. e5) 10. axb5 cxb5 (10... axb5
11. Rxa8+ Bxa8 12. Ra1 Bb7 13. d5 b4 14. dxc6 bxc3 15. cxd7+ Qxd7 16. bxc3 Nf6
$14 {Adams,Mi}) 11. Nd5 Qd8 12. Qa5 Rc8 (12... Bxd5 13. exd5 $6 (13. Qxd8+ $142
Kxd8 14. exd5 $36) 13... Nb6 14. Qc3 Nf6 15. Qc6+ Kf8 16. Bd2 Nfxd5 17. Be4 $44
{Maljutin,E-Rashkovsky,N SSSR ch 1991}) 13. Qxd8+ Kxd8 14. Nb4 $16 {Adams,
M-Dunnington,A Hastings 1995 64/100 [Adams,Mi]}) (7... Bb7 $5) (7... Qc7 {
Mowsziszian,K} 8. O-O Ngf6 (8... a6 9. Ne1 Ngf6 10. Bh6 O-O 11. Bxg7 Kxg7 12.
f4 e5 13. dxe5 dxe5 14. f5 c5 15. Nd5 Nxd5 16. exd5 c4 17. Be2 Nf6 18. fxg6
hxg6 19. Rd1 Qc5+ 20. Kh1 Ne4 21. Nd3 Ng3+ {0-1 Rush,J-Girault,E/Luzern olm 
(08) ;BIG 1982}) 9. Bh6 O-O 10. Bxg7 Kxg7 11. Ne2 c5 12. c3 a6 13. Ng3 h6 14.
Rae1 Nb6 15. Qf4 Nc4 16. Qc1 Nb6 17. e5 dxe5 18. dxe5 Nfd5 19. Nh4 e6 20. Re4
Ne7 21. Rfe1 Nf5 22. Rg4 Nxg3 23. Rxg3 Nd5 24. Nxg6 fxg6 25. Rxg6+ Kf7 26. Qxh6
Ke8 27. Rg7 Bd7 28. Qg5 {1-0 Belikov,V-Daschian,N/RUS-Cup2 Moscow (9) ;EXP 56
1996}) 8. h3 (8. b3 Bg4 (8... Qc7 9. h3 Nf6 10. Bh6 O-O 11. O-O a6 12. e5 dxe5
13. dxe5 Nfd5 14. Nxd5 Nxd5 15. c4 Nb6 16. Bxg7 Kxg7 17. Qc3 bxc4 18. Bxc4 $14
{/+/- Tolnai,T-Hickel,J Dortmund-A 1990}) 9. a4 b4 10. Ne2 a5 11. h3 Bd7 12.
Rd1 Nf6 13. Ng3 O-O 14. O-O Qb8 15. Bh6 $14 {Meister,Y-Krasenkov,M URS-chT
Podolsk 1990}) 8... Rb8 $2 {to be real honest I do not understand this move,
way?} (8... Qc7 {Mowsziszian: Ein prinzipieller und schwieriger Moment in der
Eröfnungsphase. Weiß hat zwei Möglichkeiten: kurz oder lang zu rochieren. 8...
Tb8 paßt zur langen weißen Rochade, 8...Dc7 zur kurzen.}) 9. O-O {und die Züge
Sb6, Tb8 verlieren ihren Sinn.} Nf6 {was it possible to play this move,one
move earlier} (9... Nc4 {Mowsziszian,K} 10. Bxc4 bxc4 11. Rab1 {Mit  Vorteil} (
11. b3 Ba6)) 10. Bh6 O-O 11. Bxg7 Kxg7 12. Rfe1 $14 {black's position is
really not nice,if he could play e5,than the position is about equal,indeed on
his next move black played Qc7 and if he had just another move he would play
e5 but...white played e5 by himself,for example maybe this missing tempi is
because of 8...Rb8?} Qc7 (12... e5 {Mowsziszian,K} 13. dxe5 dxe5 14. Nxe5 Nc4
15. Qf4 $16) 13. e5 {Mowsiszian: Wenn Schwarz es schafft selbst e7-e5 zu
spielen, dann ist die Stellung ausgeglichen.} Nfd5 14. Nxd5 Nxd5 15. Be4 (15.
Re4 $5 {[%cal Ge4h4]}) 15... h6 16. Bd3 {><g6} Rd8 17. Re4 dxe5 18. dxe5 (18.
Rh4) 18... Rh8 19. Rae1 Bf5 20. Rd4 Be6 (20... Bxd3) (20... Bxd3 $142 {
Mowsziszian,K} 21. Qxd3 e6 $14) 21. c4 bxc4 (21... Nb6) 22. Rxc4 {[%csl Ra7,
Rc6]} Nb6 23. Rc5 Na4 (23... Bxa2 24. e6 Bxe6 (24... Na4 {white has the simple
Rc2 which transposes to the game}) 25. Qc3+ Kg8 (25... Kh7 26. Bxg6+ $1 Kxg6 (
26... Kg8 27. Rxc6 Qd8 28. Rcxe6 $1 fxe6 29. Ne5 $18) 27. Rxe6+ fxe6 28. Ne5+
$18 Kg7 29. Qg3+ Kf8 30. Ng6+ {[%cal Gg3c7]})) 24. Rc2 Bxa2 (24... Rhd8 $142 {
Mowsziszian,K} 25. b3 Bf5 26. Re3 Nb6) {[%tqu "En","black indeed took a pawn
but I am not sure he knew what white was prepering him... do you know?","","",
"e5e6","",10]} 25. e6 $1 Bxe6 {[#]} (25... fxe6 {Mowsziszian,K} 26. Qe3 $18 (
26. Ne5 $18)) 26. Rxe6 {White obviously has been planning this sacrifice for
quite some time; in return for the sacrificed material he gets the better pawn
structure and related to it a strong attack, as there are not too many pieces
around Black's king. This is the type of a situation, where Julian Hodgson is
particularly dangerous. In the game he conducts the attack in inspiring style.}
fxe6 27. Qe3 Rb4 $2 {after this move it seems white gets a winning position
after 28.Nd4 a better way to defend was 27...Rb4 although I think white still
has very strong attack but it is more difficult} (27... c5 28. Qe4 $1) (27...
Qd6 28. Ne5 $1 {after very long time,it is very important not allowing black
to free his position,not allowing him to play e5,and now both the g6 and c6
pawns are under attack,white is threatening now Qe4 black has two moves to
prevent it Rb4 and Rhf8 with the idea after Qe4 to play Rf5} Rhf8 (28... Rb4
29. Rxc6 Qd5 30. Nxg6 $1 Rb3 (30... Qxc6 $2 31. Qe5+ Kf7 32. Qxh8 $18) (30...
Nxb2 31. Nxe7 $1 Qxd3 32. Qxe6 {and black will be mated very soon}) 31. Nxe7
Rxd3 (31... Qxd3 32. Qxe6 {with a winning attack}) 32. Nxd5 Rxe3 33. Nxe3 Nxb2
34. Rxe6 $18) 29. Rxc6 Qd5 30. Ng4 $1 {the key move,of course in alomst all
the variations white has strong initiative,but I wanted something clear} g5 (
30... Qg5 31. Qd4+ $1 Kh7 (31... e5 32. Rxg6+ Qxg6 33. Qxe5+ $18) 32. Qxa4 h5
33. Ne3 Rxb2 34. Rxe6 Rfxf2 (34... Rbxf2 35. Rxg6) 35. Bxg6+ (35. Rxg6 $2 Rxg2+
36. Nxg2 Rxg2+ 37. Kh1 Rg1+ 38. Kh2 Rg2+ 39. Kh1 Rg1+ $11) 35... Kg7 (35... Kg8
36. Qe8+ Rf8 37. Bh7+) (35... Kh6 36. Bc2+) 36. Qd4+ Kg8 37. Bd3 $18 (37. Qd8+
Rf8 38. Qxe7 Qxe7 39. Rxe7 $18)) 31. Rxe6 Nxb2 (31... Rb3 32. Rxe7+ Rf7 33.
Rxf7+ Kxf7 34. Qxa7+ Kf8 35. Bc2 $18) 32. Bc2 $3 {I give this move 2 !! just
because in the middle of such strong attack it is more than difficult to play
such a move when normally you try to find a mate,but sometimes this may be the
best way for the mate!!} Rbc8 (32... Rfc8 33. Rxe7+ Kf8 34. Rh7 $18) 33. Rxe7+
Rf7 34. Rxf7+ Qxf7 (34... Kxf7 35. Qxa7+ Kf8 (35... Ke6 36. Qb6+) 36. Qh7 $18)
35. Qe5+ Kf8 36. Nxh6 $1 $18) (27... Rhd8 {Mowsziszian,K} 28. Nd4 Rd6 (28...
Kh7 29. Qxe6) 29. Qg3 $1 (29. Nxe6+ Rxe6 30. Qxe6 Qd6 31. Rxc6 Qxe6 32. Rxe6
Nc5 $13) 29... g5 30. Nxe6+ $18) 28. Nd4 (28. Qxe6 Qd6) (28. Ne5 $5 $13 {
Petursson}) 28... Qd6 29. Nxe6+ Kh7 (29... Kf7 {or Kf6} 30. Qf3+ Kxe6 (30...
Ke8 31. Rxc6 $18) 31. Rxc6 $16 {/+-}) (29... Kg8 30. Bxg6 (30. Bc4 $1 {
Petursson} Qd1+ (30... Kh7 31. Rd2 Qb8 32. Rd4 h5 (32... Nxb2 33. Qxh6+ Kxh6
34. Rh4#) 33. Ng5+ Kg7 34. Qxe7+ $18) 31. Kh2 Qxc2 32. Qd4 Qxb2 33. Ng5+ Rxc4
34. Qd8+ Kg7 35. Qxe7+ Kg8 36. Qf7#) 30... Rxb2 (30... Nb6 31. Rxc6 $1 Qxc6 32.
Qg3 $1 Qxe6 33. Bf5+ $18 Kf7 34. Bxe6+ Kxe6 35. Qc3 {[%cal Gc3h8,Gc3b4]}) 31.
Rc4 $1 $18 {[%cal Gc4f4]}) 30. Rd2 Qb8 {[%tqu "En","the position is not clear
yet,but in just 3 moves white made black stop the clock... can you??","","",
"e6f4","",7]} 31. Nf4 $3 $18 (31. Nd8 {Petursson} Rg8 32. Nxc6 $18) 31... e5 (
31... Rxf4 32. Qxe7+ Kg8 33. Bc4+ (33. Bxg6 $18 {Baburin}) (33. Bb1 $5 $18 {
Petursson}) 33... Rxc4 34. Rd8+ Qxd8 35. Qxd8+ Kf7 (35... Kg7 36. Qe7+ Kg8 37.
Qe6+ Kg7 38. Qxc4 $18) 36. Qxh8) (31... Qxf4 32. Qxe7+ Kg8 33. Bc4+ Rxc4 34.
Rd8+ (34. Rd8+ {Mowsziszian,K} Qf8 35. Rxf8#)) 32. Bxg6+ Kg8 33. Ne6 1-0

[Event "Leon"]
[Site "Leon"]
[Date "1997.??.??"]
[Round "9"]
[White "Campora, Daniel Hugo"]
[Black "Granda Zuniga, Julio E"]
[Result "1/2-1/2"]
[WhiteElo "2555"]
[BlackElo "2620"]
[Annotator "Har Zvi,R"]
[PlyCount "58"]
[EventDate "1997.06.05"]
[EventType "tourn"]
[EventRounds "9"]
[EventCountry "ESP"]
[EventCategory "10"]
[SourceTitle "CBM 060"]
[Source "ChessBase"]
[SourceDate "1997.09.29"]
[SourceVersion "1"]
[SourceVersionDate "1997.09.29"]
[SourceQuality "1"]

1. e4 g6 2. d4 Bg7 3. Nc3 d6 4. f4 c6 5. Nf3 Bg4 6. Be3 Nd7 (6... Qb6 7. Qd2 {
is the main line}) (6... d5 7. e5 (7. h3 Bxf3 8. Qxf3 dxe4 9. Nxe4 Qa5+ 10. Bd2
Qb6 11. Bc3 Nd7 12. Bc4 Ngf6 13. Nxf6+ Nxf6 14. O-O-O e6 15. g4 $13 {
Stefansson,H-Nikoloc,St Katerini GP 1993}) 7... Qb6 (7... Nh6 8. h3 Nf5 9. Bf2
Bxf3 10. Qxf3 e6 11. g4 Ne7 12. Bd3 $16 {De Firmian,N-Zlatnikov,M New York op
1991}) 8. Na4 Bxf3 9. Nxb6 Bxd1 10. Nxa8 Bxc2 11. Rc1 Be4 12. Rc3 Kd8 13. b4 e6
14. Ra3 a6 15. Nb6 Bf8 16. Bd2 Nh6 17. Kf2 Kc7 18. Na8+ Kc8 19. Nb6+ Kc7 20.
Na4 Nf5 21. Nc5 {1/2-1/2 Ivanov,IV-Kaidanov,G Las Vegas op 1993}) 7. h3 Bxf3 8.
Qxf3 e6 (8... c5 $2 9. dxc5 Bxc3+ (9... Qa5 10. e5 $1) 10. bxc3 Qa5 11. Bd4 e5
12. fxe5 dxe5 13. Bc4 exd4 14. Qxf7+ Kd8 15. O-O Qxc3 16. Bb5 {1-0 Hector,
J-Zaja,I Jyvasksla op 1994}) 9. O-O-O (9. e5 d5 10. g4 Ne7 11. Bd3 c5 12. dxc5
O-O 13. O-O-O Qa5 14. h4 f6 15. exf6 Bxf6 16. Bd2 Nxc5 17. Kb1 $36 {[%cal
Gg4g5,Gh4h5] Mortensen,E-Hoi,C Esbjerg 1982}) 9... Ne7 10. g4 Qa5 11. Kb1 O-O-O
{making 0-0 in the king's side seems very very risky,sicnce white immediately
playes h4-h5,when black's attack is much more slow than white's attack} 12. Bd3
d5 13. exd5 {this is not the regular move in the position,normally after black
playes d5 white replies with e5,blocking the g7 bishop,and then trying to push
his pawns on the king's side the "h" pawn or the "f" pawn,after the text move
it seems black is OK} (13. e5 $142 f6 (13... c5 $6 14. Nb5 {[%cal Gb5d6]}) 14.
exf6 Bxf6 15. Rhe1 {[%csl Re6] when white is better}) 13... Nxd5 14. Nxd5 Qxd5
15. Qe2 (15. Qxd5 exd5 16. f5 $11) (15. Be4 Qb5 $132 {[%cal Gd7b6,Gb6a4]})
15... Nb6 $14 {/=black has a solid position,the two bishops are not so
important in this position because the position is quite closed,while black's
bishop on g7 is not bad} 16. c4 {I am not sure about this move,on one hand
white gets a space advantage and takes the control over the d5 square,but on
the other hand and I think this is maybe more important white creates a
weakness in his position the "d4" pawn,which will be attacked by black's rook
and bishop for alonf time white will have to place defenders for this pawn,
that's why I think 16.c3 was not a bad idea} (16. c3 $5) 16... Qd7 17. Be4 Qc7
18. Qc2 h5 {black has to get some space,since although he has really a solid
position he can not just wait for white} 19. Rhf1 hxg4 20. hxg4 {white's idea
is f5} f5 (20... Rh3 $5 21. Bg1 (21. Bf3 Kb8 $13) 21... Rh4 22. Bf3 $13) 21.
Bf3 Kb8 22. a4 Nc8 {black's position is so solid,that is seems white has to
risk a lot if he wants to do soemthing} 23. Rd3 (23. gxf5 gxf5 24. Rd3 Ne7)
23... Qa5 {[%cal Gc8b6]} 24. gxf5 Qxf5 25. Rg1 {after this the game ends in a
draw by force,since both players do not have more} Rh2 26. Bg4 (26. Qd1 $4 Bxd4
$19) (26. Qc3 $2 e5 $1 27. Bg4 (27. Rg5 exd4) 27... Qe4 28. fxe5 (28. Re1 Rh1
$1 29. Rxh1 Qxh1+ 30. Ka2 exd4 31. Bxd4 Rxd4 32. Rxd4 Qh8 $19 (32... Qg1 $4 33.
Rd8 $18) 33. Rd8 Bxc3 34. Rxc8+ Qxc8 35. Bxc8 Kxc8 36. bxc3 Kd7) 28... Bxe5 29.
Ka2 (29. Bf3 Qxf3 30. dxe5 Qe4 31. Rgd1 Rh1 $1 $19) 29... c5 $17) 26... Qe4 (
26... Rxc2 $6 27. Bxf5 Rxc4 28. b3 $1 Rb4 29. Bxe6 Ne7 30. f5 $16) 27. Bf3 Qf5
28. Bg4 Qe4 29. Bf3 Qf5 {not a special game,black hold a very solid position
when white has very little chnaces of doing more than what he have done.}
1/2-1/2

[Event "RUS-Cup9"]
[Site "Novgorod"]
[Date "1997.??.??"]
[Round "6"]
[White "Beshukov, Sergei"]
[Black "Ibragimov, Ildar"]
[Result "0-1"]
[WhiteElo "2435"]
[BlackElo "2555"]
[Annotator "Har Zvi,R"]
[PlyCount "65"]
[EventDate "1997.06.11"]
[EventType "swiss"]
[EventRounds "9"]
[EventCountry "RUS"]
[SourceTitle "CBM 060"]
[Source "ChessBase"]
[SourceDate "1997.09.29"]
[SourceVersion "1"]
[SourceVersionDate "1997.09.29"]
[SourceQuality "1"]

1. e4 g6 2. Nc3 Bg7 3. h4 {I find it hard to believe that this move can lead
into good results for white,it can be good for one or maybe two games but not
more I think} d6 (3... h5 4. d4 c6 5. Bc4 (5. Be2 d5 6. e5 Nh6 7. Bf4 Nd7 8.
Bd3 Nf8 9. Nce2 Qb6 10. Bc1 Bg4 11. c3 Ne6 12. Bxh6 $6 Bxh6 13. f3 Bf5 14. Bxf5
gxf5 15. Qc2 Rg8 16. Kf1 Be3 $15 {[%csl Ge3] /-/+ Bezgodov,A-Krasenkov,M St.
Petersburg 1994}) 5... d5 6. exd5 b5 7. Bb3 b4 8. Nce2 cxd5 9. Bg5 Nf6 10. Nf4
e6 11. Nf3 Qd6 12. Nd3 O-O 13. Nfe5 Nbd7 14. a3 $13 {Hickel,J-Stangl,M
Altensteig 1987 CBM 04}) (3... c5 4. h5 Nc6 5. g3 e6 6. Bg2 Nge7 7. d3 d5 8. f4
b6 9. Nf3 Bb7 10. e5 a6 11. Bd2 Qc7 12. a3 O-O-O 13. h6 Bf8 14. g4 Ng8 15. g5
Nge7 16. Ne2 $11 {Short,N-Shirov,A Linares 1995}) 4. h5 Nc6 5. Bc4 Nf6 6. h6
Bf8 7. d4 e5 8. dxe5 $6 {for me it is very very difficult to understand this
move,since white has pushed his "h" pawn to h6 so his king will be some what
weaker if he would play 0-0,meanwhile his king is in the center,I think a
normal move could have been d5 or maybe Nge2 but to open the position with a
king in the center I do not understand?!} Nxe5 9. Bb3 Be7 10. Nge2 O-O 11. Bf4
c6 12. Ng3 {and again insted of playing 0-0 white playes and keeps his king in
the center,do not worry he will pay for that!} b5 13. a4 $6 {it seems that
move is helping black,which in the future will be able to play c5-Bb7,white's
knight has no better place than c3} b4 14. Na2 $2 {simply a mistake,the knight
is very bad on a2 plus white is not able to castle ,it is not easy to
understand what white wants to get from his play,but it is very easy to
understand what he will get!!} (14. Nce2 c5 15. O-O Bb7 16. f3 $132) 14... a5
15. Nc1 (15. O-O Nfg4 $1 {[%cal Ge7g5]} 16. Qd2 (16. f3 $2 Qb6+ 17. Kh1 Nf2+)
16... g5 17. Be3 (17. Bxe5 dxe5 {[%csl Rh6]}) 17... Nxh6 18. f3 Kh8 {when I
can not see white's compensation,next move black playes f5 with just a pawn up,
just watch white's knight on a2 completely out of the game}) 15... Ba6 16. Nd3
Nfd7 $1 $36 17. Be3 (17. O-O Bg5 $5 (17... Bf6) 18. Nxe5 Nxe5 19. Bxg5 Qxg5 20.
Re1 Rfd8 {[%csl Rh6]} 21. Qc1 Qh4 $17 {[%csl Rh6][%cal Ge5g4,Yh4h2,Yh4h6]}) (
17. Qd2 Nxd3+ 18. cxd3 Nc5 19. Bc2 Bf6 20. d4 (20. Rb1 b3) 20... Ne6 21. Be3 c5
$19) (17. Nxe5 $142 {probably the best move} dxe5 18. Be3 Nc5 19. Qxd8 Rfxd8 {
when black is better}) 17... Bf6 $1 $17 {[%csl Rb2]} 18. Rb1 Nxd3+ 19. cxd3 Ne5
20. d4 (20. Bc2 b3 21. Bxb3 Nxd3+ 22. Kd2 Qb8 $19) 20... Nd3+ 21. Kd2 c5 $1 $19
{the game is over,just think how can white think about this position} 22. Ne2
Qb6 23. f4 (23. dxc5 dxc5 24. Qc2 Rfd8 25. Bd5 b3 26. Qxb3 Qxb3 27. Bxb3 Nxf2+)
23... cxd4 24. Bg1 Rae8 (24... Nc5 25. Bd5 Rae8 {transposes to the game}) 25.
Bd5 Nc5 26. Ng3 Bd3 {the rest needs no further explenations} 27. Rc1 Nxe4+ 28.
Kxd3 Nxg3 29. Rc6 Qd8 30. Rh3 Ne2 31. Qf1 Qd7 32. f5 g5 33. g3 0-1